[Event "Skalica op-B"]
[Site "Skalica"]
[Date "2023.08.26"]
[Round "8"]
[White "Kocur, Jan"]
[Black "Visvader, Kristof"]
[Result "1/2-1/2"]
[WhiteElo "1498"]
[BlackElo "1598"]
[PlyCount "62"]
[EventDate "2023.08.19"]
[EventType "swiss"]
[EventRounds "9"]
[EventCountry "SVK"]
[SourceTitle "CBM 215 Extra"]
[Source "ChessBase"]
[SourceDate "2023.09.30"]
[SourceVersion "1"]
[SourceVersionDate "2023.09.30"]
[SourceQuality "1"]

1. e4 e5 2. Nf3 Nc6 3. Bc4 Be7 4. 0-0 Nf6 5. Re1 0-0 6. c3 d6 7. h3 Na5 8. Bf1 Nd7 9. d4 Nc6 10. d5 Ncb8 11. Be3 Nb6 12. Nbd2 f5 13. exf5 Bxf5 14. c4 N8d7 15. Qb3 a5 16. Bd3 Bxd3 17. Qxd3 Rf6 18. Ng5 Rg6 19. Ne6 Qc8 20. Kh2 Nf8 21. Nxf8 Qxf8 22. Bxb6 cxb6 23. Ne4 Qf7 24. Re3 Rf8 25. Rf3 Qe8 26. Re1 Rxf3 27. Qxf3 Qa4 28. Qb3 Qxb3 29. axb3 h5 30. Re3 Kf7 31. Rf3+ Ke8 1/2-1/2

[Event "Skalica op-B"]
[Site "Skalica"]
[Date "2023.08.19"]
[Round "1"]
[White "Milanowski, Jan"]
[Black "Kocur, Jan"]
[Result "1-0"]
[WhiteElo "1783"]
[BlackElo "1498"]
[PlyCount "53"]
[EventDate "2023.08.19"]
[EventType "swiss"]
[EventRounds "9"]
[EventCountry "SVK"]
[SourceTitle "CBM 215 Extra"]
[Source "ChessBase"]
[SourceDate "2023.09.30"]
[SourceVersion "1"]
[SourceVersionDate "2023.09.30"]
[SourceQuality "1"]

1. d4 d5 2. Nf3 Nf6 3. Bf4 e6 4. e3 c5 5. c3 c4 6. Nbd2 b5 7. Ne5 Bb7 8. Be2 h6 9. h3 Nbd7 10. Ndf3 a5 11. 0-0 Nxe5 12. Nxe5 Be7 13. Bh2 Ne4 14. f3 Nd6 15. Qe1 Nf5 16. Bd1 Bh4 17. g3 Be7 18. Bc2 Bd6 19. g4 Ne7 20. Qf2 Qc7 21. f4 f5 22. Qh4 Bxe5 23. fxe5 g6 24. gxf5 gxf5 25. Qh5+ Kd7 26. Bxf5 exf5 27. e6+ 1-0

[Event "SVK League Cup 1st"]
[Site "Tornelo INT"]
[Date "2021.04.03"]
[Round "3"]
[White "Kocur, Jan"]
[Black "Budzak, Marcel"]
[Result "0-1"]
[WhiteElo "1000"]
[BlackElo "1866"]
[PlyCount "82"]
[EventDate "2021.03.27"]
[EventType "swiss"]
[EventRounds "8"]
[EventCountry "SVK"]
[SourceTitle "EXT 2022"]
[Source "ChessBase"]
[SourceDate "2021.10.06"]
[SourceVersion "1"]
[SourceVersionDate "2021.10.06"]
[SourceQuality "1"]

1. e4 e5 2. Nf3 Nc6 3. Bc4 Bc5 4. c3 Nf6 5. d3 d6 6. h3 0-0 7. 0-0 Na5 8. Bxf7+ Rxf7 9. b4 Bxf2+ 10. Rxf2 Nc6 11. Be3 h6 12. b5 Ne7 13. c4 Ng6 14. Nc3 c6 15. a4 Be6 16. bxc6 bxc6 17. Rb2 d5 18. cxd5 cxd5 19. exd5 Nxd5 20. Nxd5 Bxd5 21. Ne1 Nf4 22. Qg4 Be6 23. Qg3 Rb8 24. Rab1 Rxb2 25. Rxb2 Qf6 26. Rf2 Ne2+ 27. Rxe2 Qf1+ 28. Kh2 Qxe2 29. Bxh6 Bxh3 30. Nf3 Qxg2+ 31. Qxg2 Bxg2 32. Kxg2 gxh6 33. Nxe5 Rf4 34. a5 Ra4 35. Nc6 a6 36. d4 Kf7 37. Kf3 Ke6 38. Kg4 Kd6 39. Nb8 Rxa5 40. Nxa6 Rxa6 41. Kh5 Kd5 0-1